000 00959nam a22002417a 4500
005 20260203132257.0
008 260203b |||||||| |||| 00| 0 eng d
020 _a978-1-78743-611-4
050 _aHV9069
_b.B37 2017
100 _aBasto Pereira, Miguel,
245 _aJuvenile Delinquency, Crime and Social Marginalization: Social and Political Implications
250 _aFirst edition.
260 _aBingley, UK,
_bEmerald Publishing,
_c2017
300 _ax, 84 p. ;
_c19 cm.
500 _aIncludes bibliographical references (pages 57-74) and an index.
650 _a Juvenile delinquency
_xSocial aspects
650 _aJuvenile delinquency
_xPolitical aspects
650 _aCriminal behavior
_xSocial aspects
650 _aCriminal behavior
_xPolitical aspects
700 _aMaia, Angela da Costa
_eContributor
856 _uhttps://www.emerald.com/books/monograph/15335/Juvenile-Delinquency-Crime-and-Social?searchresult=1
942 _2lcc
_cEBKS
999 _c60123
_d60123